Myslíme na horšie časy?

Finančné dlhy alebo rezervy Slovákov - prieskum. Aké výhody dostávajú zamestnanci najčastejšie. Sporenie Slovákov.

Gespeichert in:
Bibliographische Detailangaben
Format: Buchkapitel
Sprache:Slowakisch
Schlagworte:
Tags: Tag hinzufügen
Keine Tags, Fügen Sie das erste Tag hinzu!

MARC

LEADER 00000naa a2200000 4500
001 0177573
005 20231109070658.4
041 0 |a slo 
044 |a SK 
245 1 0 |a Myslíme na horšie časy? 
520 |a Finančné dlhy alebo rezervy Slovákov - prieskum. Aké výhody dostávajú zamestnanci najčastejšie. Sporenie Slovákov. 
610 2 0 |a sporenie obyvateľstva 
610 2 0 |a sporenie dôchodkové doplnkové 
610 2 0 |a Slovensko